[Event "VIE-ch U20"]
[Site "Ho Chi Minh City"]
[Date "2022.07.16"]
[Round "8"]
[White "Nguyen, Minh Chi Thien"]
[Black "Bui, Duc Huy"]
[Result "1-0"]
[WhiteElo "2251"]
[BlackElo "2257"]
[PlyCount "105"]
[EventDate "2022.07.11"]
[EventType "swiss"]
[EventRounds "9"]
[EventCountry "VIE"]
[SourceTitle "EXT 2023"]
[Source "ChessBase"]
[SourceDate "2022.10.05"]
[SourceVersion "1"]
[SourceVersionDate "2022.10.05"]
[SourceQuality "1"]

1. e4 e6 2. d4 d5 3. e5 c5 4. c3 Nc6 5. Nf3 Qb6 6. Bd3 cxd4 7. cxd4 Bd7 8. Bc2 Nb4 9. 0-0 Nxc2 10. Qxc2 Rc8 11. Nc3 Ne7 12. Be3 Nf5 13. a3 Be7 14. Rac1 0-0 15. g4 Nh4 16. Nxh4 Bxh4 17. g5 Kh8 18. Qe2 f6 19. f4 fxg5 20. fxg5 Bxg5 21. Bxg5 Qxd4+ 22. Qe3 Qg4+ 23. Qg3 Qh5 24. Be7 Rfe8 25. Qg5 Qxg5+ 26. Bxg5 Rc4 27. Rf4 Bc6 28. Rxc4 dxc4 29. Ne2 Bd5 30. Nf4 Bc6 31. Bh4 h6 32. Bf2 g5 33. Ne2 Rd8 34. Nd4 Bd5 35. Nb5 a6 36. Nc7 b5 37. Rd1 Rd7 38. Nxd5 exd5 39. Bd4 Re7 40. Rf1 Re6 41. Rf6 Rxf6 42. exf6 Kg8 43. h4 gxh4 44. Kh2 a5 45. Kh3 b4 46. axb4 axb4 47. Kxh4 c3 48. bxc3 b3 49. c4 dxc4 50. Kh5 c3 51. Bxc3 b2 52. Bxb2 Kh7 53. Bc3 1-0

[Event "VIE-ch U20"]
[Site "Ho Chi Minh City"]
[Date "2022.07.11"]
[Round "1"]
[White "Nguyen, Minh Chi Thien"]
[Black "Nguyen, Lam Thien"]
[Result "0-1"]
[WhiteElo "2251"]
[BlackElo "2262"]
[PlyCount "118"]
[EventDate "2022.07.11"]
[EventType "swiss"]
[EventRounds "9"]
[EventCountry "VIE"]
[SourceTitle "EXT 2023"]
[Source "ChessBase"]
[SourceDate "2022.10.05"]
[SourceVersion "1"]
[SourceVersionDate "2022.10.05"]
[SourceQuality "1"]

1. e4 e5 2. Nf3 Nc6 3. Bb5 Nf6 4. 0-0 Nxe4 5. Re1 Nd6 6. Bxc6 dxc6 7. Nxe5 Be7 8. d4 0-0 9. Bf4 Re8 10. Nd2 Be6 11. Ndf3 a5 12. a4 Qc8 13. h3 f6 14. Nd3 b6 15. b3 Qd7 16. Re2 Bf8 17. Qd2 Bd5 18. Kh2 Bxf3 19. gxf3 Nf5 20. c3 Nh4 21. Ne1 Bd6 22. Bg3 Qf5 23. f4 Kf8 24. Rxe8+ Rxe8 25. Qd3 Bxf4 26. Qxf5 Bxg3+ 27. Kxg3 Nxf5+ 28. Kf3 Nd6 29. b4 Ne4 30. Rc1 Nd2+ 31. Kg2 axb4 32. cxb4 Nb3 33. Rd1 Nxd4 34. Rxd4 Rxe1 35. Rd8+ Re8 36. Rd7 Ra8 37. a5 bxa5 38. bxa5 Rxa5 39. Rxc7 Rc5 40. h4 h5 41. Kg3 Kg8 42. Kf4 Kh7 43. Kg3 Rc3+ 44. Kg2 c5 45. Kh2 Rc1 46. Kg2 Kh6 47. Rc6 Kg6 48. Rc7 c4 49. Kh2 c3 50. Kg2 Kh6 51. Rc6 Kh7 52. Rc7 Kg6 53. Kh2 Kf5 54. Rc4 Ke5 55. Kg2 Kd5 56. Rc7 g6 57. Rf7 Ra1 58. Rc7 Kd6 59. Kf3 Ra5 0-1

[Event "VIE-ch U17"]
[Site "Hanoi"]
[Date "2022.06.13"]
[Round "3"]
[White "Nguyen, Minh Chi Thien"]
[Black "Nguyen, Huu Khang"]
[Result "1-0"]
[WhiteElo "2280"]
[BlackElo "2293"]
[PlyCount "73"]
[EventDate "2022.06.11"]
[EventType "swiss"]
[EventRounds "7"]
[EventCountry "VIE"]
[SourceTitle "EXT 2023"]
[Source "ChessBase"]
[SourceDate "2022.10.05"]
[SourceVersion "1"]
[SourceVersionDate "2022.10.05"]
[SourceQuality "1"]

1. e4 c5 2. Nf3 d6 3. d4 cxd4 4. Nxd4 Nf6 5. Nc3 g6 6. f3 Bg7 7. Be3 0-0 8. Bc4 Nc6 9. Qd2 Bd7 10. 0-0-0 Rc8 11. Bb3 Ne5 12. g4 Nc4 13. Bxc4 Rxc4 14. h4 Qa5 15. h5 Rfc8 16. Nb3 Qa6 17. Kb1 Bxg4 18. fxg4 Rxc3 19. bxc3 Nxe4 20. Qd3 Nxc3+ 21. Kc1 Qxa2 22. Rde1 Nb1 23. Kd1 Rc3 24. Qe2 Rxb3 25. Qc4 Nc3+ 26. Kd2 Rb2 27. Qc8+ Bf8 28. Bh6 Rxc2+ 29. Kd3 Rd2+ 30. Bxd2 Nd5 31. Qc4 Qa3+ 32. Bc3 Nxc3 33. Qxc3 Qa6+ 34. Ke3 Bh6+ 35. Kf3 Bg5 36. h6 f6 37. Qc8+ 1-0

[Event "VIE-ch"]
[Site "Hanoi"]
[Date "2020.10.10"]
[Round "8"]
[White "Nguyen, Minh Chi Thien"]
[Black "Nguyen, Hoang Bach1111"]
[Result "1/2-1/2"]
[WhiteElo "1287"]
[BlackElo "1220"]
[PlyCount "58"]
[EventDate "2020.10.05"]
[EventType "swiss"]
[EventRounds "9"]
[EventCountry "VIE"]
[SourceTitle "EXT 2022"]
[Source "ChessBase"]
[SourceDate "2021.10.06"]
[SourceVersion "1"]
[SourceVersionDate "2021.10.06"]
[SourceQuality "1"]

1. e4 c6 2. d4 d5 3. Nc3 dxe4 4. Nxe4 Bf5 5. Ng3 Bg6 6. h4 h6 7. h5 Bh7 8. Nf3 Nd7 9. Bd3 Bxd3 10. Qxd3 e6 11. Bd2 Ngf6 12. Qe2 Be7 13. c4 0-0 14. Bc3 a6 15. 0-0-0 b5 16. Ne5 Qc7 17. f4 bxc4 18. Qxc4 Nxe5 19. fxe5 Nd5 20. Bd2 c5 21. Ne2 Rfc8 22. Kb1 cxd4 23. Qxc7 Rxc7 24. Nxd4 Bc5 25. Nb3 Bb6 26. Rc1 Rac8 27. g4 Be3 28. Rxc7 Rxc7 29. Rc1 Rd7 1/2-1/2

[Event "VIE-ch U13"]
[Site "Hai Phong"]
[Date "2018.07.09"]
[Round "4"]
[White "Nguyen, Minh Chi Thien"]
[Black "Le, Quang An"]
[Result "0-1"]
[WhiteElo "1830"]
[BlackElo "1855"]
[PlyCount "146"]
[EventDate "2018.07.07"]
[EventType "swiss"]
[EventRounds "9"]
[EventCountry "VIE"]
[SourceTitle "EXT 2019"]
[Source "ChessBase"]
[SourceDate "2018.10.10"]
[SourceVersion "1"]
[SourceVersionDate "2018.10.10"]
[SourceQuality "1"]

1. e4 e6 2. d4 d5 3. e5 c5 4. c3 Qb6 5. Nf3 Bd7 6. Nbd2 cxd4 7. cxd4 Bb5 8. Qb3 Bxf1 9. Qxb6 axb6 10. Kxf1 Nc6 11. Nb3 Nge7 12. Ke2 h5 13. Bd2 Nf5 14. a3 Be7 15. Rac1 Kd7 16. Kd3 Rhc8 17. g3 Ra4 18. h3 f6 19. g4 fxe5 20. gxf5 e4+ 21. Ke3 exf3 22. fxe6+ Kxe6 23. Rhg1 Bf6 24. Bc3 Rf8 25. Rce1 Kd7 26. Kd3 Rf7 27. Re3 Bh4 28. Be1 g5 29. Rf1 Rf4 30. Bc3 g4 31. hxg4 hxg4 32. Ree1 Bf6 33. Bd2 Rf5 34. Be3 Ra8 35. Rh1 Rg8 36. Reg1 Rg7 37. Bh6 Rg6 38. Be3 Be7 39. Rg3 Bd6 40. Rh7+ Ne7 41. Rg1 g3 42. fxg3 f2 43. Rf1 Rxg3 44. Ke2 Rff3 45. Bxf2 Rxb3 46. Bxg3 Rxb2+ 47. Kd3 Rb3+ 48. Kc2 Rxg3 49. Rb1 Kc6 50. Rb3 Rxb3 51. Kxb3 Nf5 52. Kc3 Bxa3 53. Rf7 Nd6 54. Rf6 Kb5 55. Kb3 Nc4 56. Rf5 Kc6 57. Rf6+ Bd6 58. Rf5 b5 59. Rh5 Na5+ 60. Kc3 b4+ 61. Kb2 Bf4 62. Rf5 Be3 63. Rf6+ Kb5 64. Rf5 Bxd4+ 65. Ka2 Kc4 66. Rf7 b5 67. Rc7+ Bc5 68. Kb2 d4 69. Rc8 d3 70. Rd8 Bd4+ 71. Kc1 Kc3 72. Kb1 d2 73. Ka2 b3+ 0-1

[Event "VIE-ch U13"]
[Site "Hai Phong"]
[Date "2018.07.08"]
[Round "3"]
[White "Nguyen, Minh Dat"]
[Black "Nguyen, Minh Chi Thien"]
[Result "1/2-1/2"]
[WhiteElo "1825"]
[BlackElo "1830"]
[PlyCount "140"]
[EventDate "2018.07.07"]
[EventType "swiss"]
[EventRounds "9"]
[EventCountry "VIE"]
[SourceTitle "EXT 2019"]
[Source "ChessBase"]
[SourceDate "2018.10.10"]
[SourceVersion "1"]
[SourceVersionDate "2018.10.10"]
[SourceQuality "1"]

1. e4 c5 2. Nf3 e6 3. d4 cxd4 4. Nxd4 Nc6 5. Nc3 Qc7 6. Be3 a6 7. Be2 Nf6 8. 0-0 Be7 9. Kh1 0-0 10. f3 b5 11. a3 Bb7 12. Qe1 Rac8 13. Rd1 Ne5 14. Qg3 d5 15. Bh6 Ng6 16. Qxc7 Rxc7 17. Bg5 dxe4 18. Bxf6 gxf6 19. fxe4 Bxa3 20. Ncxb5 axb5 21. bxa3 Bxe4 22. Bxb5 Rd8 23. c4 f5 24. Nf3 Ra8 25. a4 Bc2 26. Rd2 Bxa4 27. Ra1 Rca7 28. Rda2 Bxb5 29. Rxa7 Rxa7 30. Rxa7 Bxc4 31. Ra5 Kg7 32. Ne5 Bd5 33. Nxg6 fxg6 34. h4 Kf6 35. Kg1 f4 36. Kf2 Kf5 37. g3 fxg3+ 38. Kxg3 h5 39. Ra1 e5 40. Rf1+ Ke6 41. Kf2 e4 42. Ke3 Ke5 43. Rf2 Be6 44. Rf8 Bf5 45. Re8+ Be6 46. Rf8 Bd7 47. Rd8 Bc6 48. Rc8 Bd5 49. Re8+ Kf5 50. Rd8 Bc4 51. Rf8+ Kg4 52. Rf4+ Kg3 53. Rxe4 Bb3 54. Rb4 Be6 55. Rb6 Bf5 56. Rb4 Kh3 57. Rd4 Bc2 58. Rb4 Kg3 59. Rd4 Bf5 60. Rb4 Bg4 61. Rb6 Bf5 62. Rb4 Be6 63. Rd4 Kh3 64. Rb4 Bg4 65. Rb6 Bf5 66. Rb4 Kg3 67. Rd4 Be6 68. Rb4 Bg4 69. Rb6 Bf5 70. Rb4 Bc2 1/2-1/2

[Event "VIE-ch U13"]
[Site "Hai Phong"]
[Date "2018.07.07"]
[Round "2"]
[White "Nguyen, Minh Chi Thien"]
[Black "Vo, Thien An"]
[Result "0-1"]
[WhiteElo "1830"]
[BlackElo "1844"]
[PlyCount "90"]
[EventDate "2018.07.07"]
[EventType "swiss"]
[EventRounds "9"]
[EventCountry "VIE"]
[SourceTitle "EXT 2019"]
[Source "ChessBase"]
[SourceDate "2018.10.10"]
[SourceVersion "1"]
[SourceVersionDate "2018.10.10"]
[SourceQuality "1"]

1. e4 c5 2. Nf3 e6 3. d4 cxd4 4. Nxd4 a6 5. Nc3 Qc7 6. Be3 Nf6 7. f3 b5 8. a3 Bb7 9. Be2 d6 10. 0-0 Be7 11. Qe1 d5 12. exd5 Nxd5 13. Nxd5 Bxd5 14. f4 Nc6 15. c3 Bf6 16. Qd2 0-0 17. f5 Nxd4 18. Bxd4 e5 19. Be3 Rad8 20. Qe1 Bc4 21. Bxc4 Qxc4 22. Qg3 Rd3 23. Rae1 Bh4 24. Qxe5 Rd5 25. Qf4 Qxf4 26. Bxf4 Bxe1 27. Rxe1 Rxf5 28. g3 g5 29. Bd6 Rd8 30. Bc7 Rd2 31. g4 Rff2 32. Re8+ Kg7 33. Be5+ f6 34. Bd4 Rfe2 35. Rxe2 Rxe2 36. b3 Rb2 37. Bc5 Rxb3 38. Bb4 Rb2 39. h3 h5 40. gxh5 Kh6 41. Be7 f5 42. Kh1 Kxh5 43. Kg1 f4 44. Kf1 f3 45. Bb4 Kh4 0-1

[Event "VIE Cup"]
[Site "Bac Giang"]
[Date "2018.06.04"]
[Round "8"]
[White "Mai, Tien Huy"]
[Black "Nguyen, Minh Chi Thien"]
[Result "0-1"]
[WhiteElo "1879"]
[BlackElo "1901"]
[PlyCount "98"]
[EventDate "2018.05.30"]
[EventType "swiss"]
[EventRounds "9"]
[EventCountry "VIE"]
[SourceTitle "CBM 184 Extra"]
[Source "ChessBase"]
[SourceDate "2018.06.28"]
[SourceVersion "1"]
[SourceVersionDate "2018.06.28"]
[SourceQuality "1"]

1. e4 c5 2. d3 d6 3. h3 Nc6 4. Nf3 g6 5. c3 Bg7 6. Be3 Nf6 7. Be2 0-0 8. 0-0 a6 9. Nbd2 b5 10. Rb1 Bb7 11. b3 Qc7 12. Qc1 Rac8 13. d4 cxd4 14. cxd4 Nb4 15. Qxc7 Rxc7 16. a4 Bxe4 17. axb5 Bxb1 18. Nxb1 axb5 19. Bxb5 Rb8 20. Bc4 Nc2 21. Bf4 Nh5 22. Bh2 Nxd4 23. Ng5 e5 24. Rd1 Nxb3 25. Bxb3 Rxb3 26. Nd2 Rd3 27. f3 Bh6 28. h4 Rc2 29. g4 Nf4 30. Bxf4 exf4 31. Nge4 d5 32. Nf6+ Kg7 33. g5 Rcxd2 34. Rf1 Rd1 35. Rxd1 Rxd1+ 36. Kf2 d4 37. Ne4 d3 38. gxh6+ Kxh6 39. Nc3 Rh1 40. Ne4 Rxh4 41. Ke1 Rh2 42. Kd1 f5 43. Nc5 d2 44. Ne6 g5 45. Nd4 Kg6 46. Nb3 g4 47. Nxd2 Rxd2+ 48. Kxd2 h5 49. fxg4 fxg4 0-1

[Event "VIE Cup"]
[Site "Bac Giang"]
[Date "2018.06.03"]
[Round "7"]
[White "Do, An Hoa1111"]
[Black "Nguyen, Minh Chi Thien"]
[Result "1-0"]
[WhiteElo "1909"]
[BlackElo "1901"]
[PlyCount "81"]
[EventDate "2018.05.30"]
[EventType "swiss"]
[EventRounds "9"]
[EventCountry "VIE"]
[SourceTitle "CBM 184 Extra"]
[Source "ChessBase"]
[SourceDate "2018.06.28"]
[SourceVersion "1"]
[SourceVersionDate "2018.06.28"]
[SourceQuality "1"]

1. d4 Nf6 2. Nf3 d6 3. Nbd2 g6 4. e4 Bg7 5. Bd3 0-0 6. 0-0 Nbd7 7. c3 c5 8. Re1 cxd4 9. cxd4 e5 10. d5 Nc5 11. Bc2 Bg4 12. b4 Ncxe4 13. Bxe4 Nxe4 14. Nxe4 f5 15. Neg5 e4 16. Ne6 Qe7 17. Bg5 Qf7 18. Nxf8 Bxa1 19. Qxa1 exf3 20. Ne6 Rc8 21. Rc1 Rxc1+ 22. Qxc1 h5 23. h3 fxg2 24. hxg4 fxg4 25. Qc8+ Kh7 26. Qc7 Kg8 27. Qxd6 g3 28. Qf8+ Qxf8 29. Nxf8 gxf2+ 30. Kxg2 f1Q+ 31. Kxf1 Kxf8 32. Ke2 Ke8 33. Kd3 Kd7 34. Ke4 Kd6 35. b5 a6 36. b6 a5 37. Kd4 a4 38. a3 Kd7 39. Ke5 h4 40. Bxh4 g5 41. Bxg5 1-0

[Event "VIE-chT"]
[Site "Ho Chi Minh City"]
[Date "2017.07.28"]
[Round "7.37"]
[White "Nguyen, Minh Chi Thien"]
[Black "Phan, Nguyen Dang Kha"]
[Result "0-1"]
[WhiteElo "1995"]
[BlackElo "2018"]
[PlyCount "102"]
[EventDate "2017.07.24"]
[EventType "team-swiss"]
[EventRounds "9"]
[EventCountry "VIE"]
[SourceTitle "EXT 2019"]
[Source "ChessBase"]
[SourceDate "2018.10.10"]
[SourceVersion "1"]
[SourceVersionDate "2018.10.10"]
[SourceQuality "1"]

1. e4 e6 2. d4 d5 3. e5 c5 4. c3 Nc6 5. Nf3 Qb6 6. Na3 cxd4 7. cxd4 Bb4+ 8. Bd2 Bxa3 9. bxa3 Nxd4 10. Nxd4 Qxd4 11. Bb5+ Bd7 12. Bxd7+ Kxd7 13. f4 Ne7 14. Rb1 Rab8 15. Rb4 Qc5 16. Qb3 b6 17. Be3 Qc7 18. 0-0 Nc6 19. Qa4 Ke7 20. Rc1 Rhc8 21. Rb3 Qd7 22. Rbc3 Na5 23. Qb4+ Ke8 24. Bd2 Rc4 25. Qb1 g6 26. Rh3 Rxc1+ 27. Bxc1 h5 28. g4 Kd8 29. gxh5 gxh5 30. Bd2 Nc4 31. Bb4 a5 32. Bc5 Kc7 33. Bf2 Rg8+ 34. Bg3 Nxa3 35. Qc1+ Nc4 36. Rxh5 b5 37. Rg5 Rxg5 38. fxg5 d4 39. Bf4 d3 40. Bd2 Qd4+ 41. Kg2 Qe4+ 42. Kg1 Qg4+ 43. Kh1 Qe2 44. Bxa5+ Kc6 45. a4 Kd5 46. axb5 Nxa5 47. Qa1 d2 48. Qa2+ Nc4 49. Qa8+ Kxe5 50. Qa1+ Ke4 51. Qb1+ Kf4 0-1

[Event "VIE-chT"]
[Site "Ho Chi Minh City"]
[Date "2017.07.26"]
[Round "4.29"]
[White "Nguyen, Minh Chi Thien"]
[Black "Pham, Minh Hieu"]
[Result "0-1"]
[WhiteElo "1995"]
[BlackElo "2026"]
[PlyCount "64"]
[EventDate "2017.07.24"]
[EventType "team-swiss"]
[EventRounds "9"]
[EventCountry "VIE"]
[SourceTitle "EXT 2019"]
[Source "ChessBase"]
[SourceDate "2018.10.10"]
[SourceVersion "1"]
[SourceVersionDate "2018.10.10"]
[SourceQuality "1"]

1. e4 c5 2. Nf3 Nc6 3. d4 cxd4 4. Nxd4 g6 5. Nc3 Bg7 6. Be3 Nf6 7. f3 0-0 8. Bc4 Qb6 9. Na4 Qb4+ 10. c3 Qxc4 11. b3 Qa6 12. Nc2 d6 13. Rb1 Be6 14. c4 Bxc4 15. Nb2 Be6 16. Na4 Rfd8 17. Nc3 Ng4 18. Nd5 Bxd5 19. exd5 Nxe3 20. Nxe3 Bc3+ 21. Kf2 Ne5 22. a4 Nd3+ 23. Kg3 Be5+ 24. f4 Bxf4+ 25. Kf3 Bxe3 26. Kxe3 Ne5 27. h4 Rac8 28. h5 Rc3+ 29. Kf2 Rdc8 30. hxg6 fxg6 31. Qd4 Rc2+ 32. Kg1 Qe2 0-1

[Event "VIE-chT"]
[Site "Ho Chi Minh City"]
[Date "2017.07.25"]
[Round "3.42"]
[White "Nguyen, Minh Chi Thien"]
[Black "Tran, Hoang Denny Dat"]
[Result "1-0"]
[WhiteElo "1995"]
[BlackElo "2027"]
[PlyCount "45"]
[EventDate "2017.07.24"]
[EventType "team-swiss"]
[EventRounds "9"]
[EventCountry "VIE"]
[SourceTitle "EXT 2019"]
[Source "ChessBase"]
[SourceDate "2018.10.10"]
[SourceVersion "1"]
[SourceVersionDate "2018.10.10"]
[SourceQuality "1"]

1. e4 c5 2. Nf3 d6 3. d4 cxd4 4. Nxd4 Nf6 5. Nc3 g6 6. Be3 Bg7 7. f3 0-0 8. Bc4 Nc6 9. Qd2 Bd7 10. 0-0-0 Rc8 11. Bb3 Ne5 12. g4 Nc4 13. Bxc4 Rxc4 14. h4 h5 15. g5 Ne8 16. f4 Nc7 17. f5 Bxd4 18. Bxd4 gxf5 19. g6 Rxd4 20. Qh6 Rxd1+ 21. Rxd1 fxg6 22. Qxg6+ Kh8 23. Qh6+ 1-0

[Event "VIE-ch"]
[Site "Bac Giang"]
[Date "2016.06.24"]
[Round "5"]
[White "Nguyen, Hoang Vo Song"]
[Black "Nguyen, Minh Chi Thien"]
[Result "1-0"]
[WhiteElo "1526"]
[BlackElo "1907"]
[PlyCount "95"]
[EventDate "2016.06.22"]
[EventType "swiss"]
[EventRounds "9"]
[EventCountry "VIE"]
[SourceTitle "EXT 2017"]
[Source "ChessBase"]
[SourceDate "2016.10.25"]
[SourceVersion "1"]
[SourceVersionDate "2016.10.25"]
[SourceQuality "1"]

1. d4 e6 2. c4 Nf6 3. Nf3 Bb4+ 4. Bd2 Bxd2+ 5. Qxd2 d5 6. e3 0-0 7. Nc3 b6 8. cxd5 Nxd5 9. Rc1 Bb7 10. Nxd5 Bxd5 11. b3 Bxf3 12. gxf3 Nd7 13. Bb5 Nf6 14. Bc6 Rb8 15. 0-0 a6 16. Rc2 h6 17. Rfc1 Qe7 18. Qe2 a5 19. Qb5 Rfd8 20. Qe5 Nh7 21. Be4 f5 22. Bxf5 Qg5+ 23. Bg4 Qxe5 24. dxe5 c5 25. Bxe6+ Kf8 26. f4 Ke7 27. Bf5 Nf8 28. Kf1 Ne6 29. Bxe6 Kxe6 30. Ke2 Kf5 31. h4 Rd7 32. Rd1 Rxd1 33. Kxd1 Kg4 34. Rd2 Kxh4 35. e6 Re8 36. Rd7 Rxe6 37. Rxg7 h5 38. f5 Rf6 39. e4 Rf8 40. Ke2 Kh3 41. Kf3 h4 42. Kf4 b5 43. e5 c4 44. bxc4 bxc4 45. e6 c3 46. Rc7 Kg2 47. Rxc3 h3 48. Rg3+ 1-0

[Event "VIE-ch"]
[Site "Bac Giang"]
[Date "2016.06.22"]
[Round "1"]
[White "Pham, Minh Hieu"]
[Black "Nguyen, Minh Chi Thien"]
[Result "1-0"]
[WhiteElo "2026"]
[BlackElo "1907"]
[PlyCount "75"]
[EventDate "2016.06.22"]
[EventType "swiss"]
[EventRounds "9"]
[EventCountry "VIE"]
[SourceTitle "EXT 2017"]
[Source "ChessBase"]
[SourceDate "2016.10.25"]
[SourceVersion "1"]
[SourceVersionDate "2016.10.25"]
[SourceQuality "1"]

1. e4 e6 2. d4 d5 3. Nd2 Nf6 4. Bd3 c5 5. c3 Nc6 6. Ngf3 cxd4 7. cxd4 Bb4 8. e5 Ne4 9. 0-0 Bxd2 10. Bxd2 0-0 11. Be3 f5 12. exf6 Nxf6 13. Re1 Qe7 14. Rc1 Bd7 15. Ne5 Qd8 16. Bg5 h6 17. Bxf6 Rxf6 18. Qg4 Qe7 19. Re3 Be8 20. Rce1 Rc8 21. Nxc6 Rxc6 22. f4 Qb4 23. f5 Qxb2 24. fxe6 Rc1 25. Qh4 Rxe1+ 26. Rxe1 g5 27. Qg3 Qxd4+ 28. Kh1 Qf2 29. Qe5 Qf4 30. Qxd5 Qf2 31. e7+ Kg7 32. Qe4 Rf5 33. h3 Bc6 34. e8Q Bxe4 35. Qxe4 b5 36. Qe7+ Rf7 37. Qe5+ Kf8 38. Qh8# 1-0